01073 2200313 4500001002100000005001500021035002000036007000300056008004100059336002100100337002300121338003800144040002200182245011200204300003200316020002200348082001500370084001700385264004200402500006900444650003300513850001200546856007500558852002000633100003100653700003100684990002200715990002200737INLIS00000000086601420211102022521 a0010-1121000095ta210705s2016 jkia fs ind d 2rdacontentateks 2rdamediaakomputer 2rdacarrierasumber sambung jaring aYOPDYOGbinderda10aMaafkan aku bunda :bkumpulan cerita akhlak kepada orangtua /cAnisa Widiyarti ; penyunting, Damar Sasongko a1 berkas komputer (22,7 MB) a978-602-394-182-704223a297.51 a297.51 ANI m31aJakarta :bBhuana Ilmu Populer,c2016 aUntuk mengakses buku ini silakan unduh aplikasi http://ijogja.id 4aAkhlak--xBacaan kanak-kanak aYOPDYOG40nPerpustakaan Digital iJogjauhttp://iJogja.id/publications/books/221898 aaplikasi iJogja1 aAnisa Widiyartiepengarang0 aDamar Sasongkoepenyunting a000203-EPD/B.2017 a000204-EPD/B.2017